Statistiques concernant Villes de la NBA

Cliquez ici pour prendre le quiz!

Statistiques générales

  • Ce quiz a été pris 137 fois
  • Le résultat moyen est 23 sur 30

Statistiques - réponses

ConférenceDivisionÉquipeVille% Correct
OuestNord-OuestNuggetsDenver
93%
OuestPacifiqueClippersLos Angeles
93%
OuestPacifiqueLakersLos Angeles
93%
EstAtlantiqueKnicksNew York
92%
EstAtlantiqueNets de BrooklynNew York
92%
EstCentraleBullsChicago
91%
EstAtlantiqueCelitcsBoston
90%
EstSud-EstHeatMiami
88%
OuestSud-OuestMavericksDallas
85%
OuestSud-OuestRocketsHouston
85%
OuestPacifiqueSunsPhoenix
85%
OuestSud-OuestSpursSan Antonio
85%
EstCentralePistonsDétroit
83%
OuestSud-OuestGrizzliesMemphis
83%
OuestNord-OuestTrail BlazersPortland
83%
EstSud-EstWizardsWashington
82%
EstSud-EstMagicOrlando
79%
EstAtlantique76ersPhiladelphie
79%
OuestPacifiqueKingsSacramento
79%
EstAtlantiqueRaptorsToronto
79%
EstSud-EstHawksAtlanta
78%
EstCentraleCavaliersCleveland
78%
EstCentraleBucksMilwaukee
78%
EstSud-EstHornetsCharlotte
76%
EstCentralePacers de l'IndianaIndianapolis
57%
OuestNord-OuestJazz de l'UtahSalt Lake City
57%
OuestNord-OuestThundersOklahoma City
56%
OuestNord-OuestThimberwolves du MinnesotaMinneapolis
55%
OuestSud-OuestPelicansLa Nouvelle-Orléans
51%
OuestPacifiqueWarriors de Golden StateOakland
40%

Distribution des résultats

Percentile par nombre de réponses

% des personnes avec chaque résultat

Votre développement - résultats

Vous n’avez pas pris ce quiz